Blackjack Quiz - Statistiken

Allgemein
  • Dieses Quiz wurde 89 mal gespielt
  • Das Durchschnittsergebnis liegt bei 5 aus 10
Antwortstatistiken
Fragen Antworten % Korrekt
Bis zur welcher Zahl muss der Dealer mindestens ziehen? 17
98%
Anderer Name für das Spiel Blackjack 21
78%
Mögliche Aktionen des Spielers (ohne Surrender) Hit
58%
Double Down
47%
Split
47%
Stand
42%
Wie wird das Ziehen über den Wert 21 genannt? Bust
36%
Wie wird ein Unentschieden zwischen Spieler und Dealer genannt? Push
31%
Nebenwette, die ein Spieler im Falle, dass die erste Karte des Dealers ein Ass ist, eingehen kann Versicherung
23%
Auszahlungsquote bei einem Blackjack 3:2
17%
Keine übereinstimmenden Quizze gefunden
Verteilung der Resultate
Anzahl Personen mit jedem Resultat
Perzentil nach korrekt beantworteten Fragen
Ihre Resultats-Entwicklung
Sie haben dieses Quiz noch nicht gespielt